Statistics for Greek Gods and Goddesses (HARD)

Click here to take the quiz!

General Stats

  • This quiz has been taken 678 times
  • The average score is 25 of 31

Answer Stats

ClueAnswer% Correct
King of the GodsZeus
100%
God of WarAres
99%
God of the deadHades
99%
God of the seaPoseidon
99%
Goddess of love and beautyAphrodite
98%
Goddess of the huntArtemis
98%
Goddess of wisdomAthena
97%
Goddess of marriageHera
97%
God of music and poetryApollo
96%
God of loveEros
95%
Queen of the underworldPersephone
95%
God of wineDionysus
94%
Goddess of the hearthHestia
92%
God of thieves and travellersHermes
89%
God of the forgeHephaestus
86%
God of the wildPan
85%
Titan of the sunHelios
84%
Goddess of nourishmentDemeter
83%
Goddess of the rainbowIris
81%
Goddess of the nightNyx
79%
God of sleepHypnos
78%
....... loved their own reflectionNarcissus
78%
Titan of the moonSelene
74%
Goddess of magicHecate
72%
Goddess of revengeNemesis
70%
God of dreams and sleepMorpheus
61%
The first GodChaos
58%
....... loved the sound of their own voiceEcho
58%
Goddess of dawnEos
58%
God of choicesJanus
46%
God of dolphinsDelphin
40%

Score Distribution

Percentile by Number Answered

Percent of People with Each Score

Your Score History

You have not taken this quiz